000 01005nam0a2200325 i 4500
001 RU\NLR\BIBL_A\011178055
005 20260406121316.0
010 _a9785699815982
_93000
021 _aRU
_b2016-52079
_93324
035 _a(NILC)RU\NLR\BIBL_A\010854054
035 _a(NILC)RuMoRGB-008002970
035 _a(NLR Aleph) 011178055
090 _a11803432
_c11803433
100 _a20160719d2016 u y0rusy50 ca
101 0 _arus
102 _aRU
105 _ay|||z||||||a|
200 1 _aПосмертный образ
_fАлександра Маринина
210 _aМосква
_cЭ
_d2016
215 _a316, [1] с.
_d17
225 1 _aМеньше, чем спец. цена
225 1 _aСпец. цена
333 _a16+
686 2 _aШ6(2=Р)75-446
700 1 _8rus
_7ca
_aМаринина
_bА. Б.
_gАлександра Борисовна
_f1957-
_3RU\NLR\AUTH\77515
_9110564
942 _cBOOK
980 _aNBR